An analysis of food demand patterns in Hanoi: Predicting the structural and qualitative changes

Uloženo v:
Podrobná bibliografie
Hlavní autor: Ali, Mubarik
Médium: Kniha
Jazyk:Undetermined
Vydáno: Tainan, Taiwan AVRDC - The World Vegetable Center 2006
Témata:
Tagy: Přidat tag
Žádné tagy, Buďte první, kdo otaguje tento záznam!
Thư viện lưu trữ: Trung tâm Học liệu Trường Đại học Cần Thơ
LEADER 00610nam a2200193Ia 4500
001 CTU_130516
008 210402s9999 xx 000 0 und d
082 |a 363.8 
082 |b A398 
100 |a Ali, Mubarik 
245 3 |a An analysis of food demand patterns in Hanoi: 
245 0 |b Predicting the structural and qualitative changes 
245 0 |c Mubarik Ali, Nguyen The Quan, Ngo Văn Nam 
260 |a Tainan, Taiwan 
260 |b AVRDC - The World Vegetable Center 
260 |c 2006 
650 |a Food quality,Food supply 
904 |i Minh 
980 |a Trung tâm Học liệu Trường Đại học Cần Thơ